| 000 | 00540cam a2200193 a 4500 | ||
|---|---|---|---|
| 020 | _a0070412979 (acidfree paper) | ||
| 040 | _cDLC | ||
| 082 | 0 | 0 | _a370 MCG 1997 A078 Or. |
| 100 | 1 | _aMeece, Judith L. | |
| 245 | 1 | 0 | _aChild and adolescent development for educators / |
| 260 |
_aNew York : _bMcGraw-Hill, _cc1997. |
||
| 300 |
_axvi, 479 p. : _bill. ; _c23 cm. |
||
| 650 | 0 | _aChild development. | |
| 650 | 0 | _aAdolescence. | |
| 650 | 0 | _aConstructivism (Education) | |
| 650 | 0 | _aCognition in children. | |
| 650 | 0 | _aChildren | |
| 942 | _cEK | ||
| 999 |
_c15588 _d15588 |
||